Tilastot visalle Mikä sana on keskellä? #8

Klikkaa tästä pelataksesi tätä visaa!

Yleistilastot

  • Tätä visaa on pelattu 82 kertaa
  • Keskiarvotulos 6 / 14

Vastaustilastot

Sana edessä?Sana?Sana takana% Oikein
hieskoivuvihta
97%
hiekkarantaloma
84%
poninhäntäheikki
79%
riippumattoveitsi
76%
sateenkaarituki
75%
ylähuuliharppu
56%
isoäitipuoli
33%
väkivaltakunta
32%
mainoskatkokävely
21%
jätelavaauto
21%
turvavyölaukku
17%
hermolepotuoli
14%
punanahkatakki
8%
korvarengasrauta
3%

Tulosjakauma

Persentiili vastausten määrän mukaan

Jokaisen tuloksen saaneiden osuus

Tuloshistoriasi

Et ole pelannut tätä visaa